000 00554nam a2200181Ia 4500
003 GCL
008 140319s9999 xx 000 0 eng d
040 _aGCL /
_cGCL
082 0 4 _a808.8
_bH C
100 1 _aELIOT,CHARLES W .
245 1 0 _aTHE AUTOBIOGRAPHY OF BENJIAMIN FRANKLIN, THE JOURNAL OF JOHN WOOLMAN FRUITS OF SOLITUDE WILLIAM PENN /
_cELIOT,CHARLES W .
260 _a[S.N] :
_bGROLIER ENTERPRISES CARV ،
_c1993
300 _a395 P
650 0 4 _aFRANKLIN, BENJAMIN
650 0 4 _aWOOLMAN, JOHN
650 0 4 _aAUTOBIOGRAPHY
942 _2ddc
_cBK
999 _c12543
_d12543